| 000 | 00438nam a2200109Ia 4500 | ||
|---|---|---|---|
| 008 | 160909s9999 xx 000 0 und d | ||
| 100 | _aRajanna, Sowmya | ||
| 245 | _aOrthogonal Frequency Division Multiplexing (OFDM) channel estimation using pilot based parametric scheme | ||
| 260 |
_bCalifornia State University, Long Beach. _c2016 |
||
| 650 | _aInformation Technology | ||
| 856 | _uhttp://pqdtopen.proquest.com/doc/1765687989.html?FMT=ABS | ||
| 999 |
_c303823 _d303823 |
||